[Event "Baku op-A"]
[Site "Baku"]
[Date "2005.10.26"]
[Round "3"]
[White "Andreev, Eduard"]
[Black "Pavlenko, Oleg"]
[Result "1-0"]
[WhiteElo "2497"]
[BlackElo "2279"]
[PlyCount "77"]
[EventDate "2005.10.24"]
[EventType "swiss"]
[EventRounds "9"]
[EventCountry "AZE"]
[SourceTitle "EXT 2006"]
[Source "ChessBase"]
[SourceDate "2005.11.24"]
[SourceVersion "1"]
[SourceVersionDate "2005.11.24"]
[SourceQuality "1"]

1. e4 d5 2. exd5 Nf6 3. Bb5+ Bd7 4. Be2 Bf5 5. d4 Nxd5 6. Nf3 e6 7. a3 Be7 8. c4 Nf6 9. Nc3 c6 10. Bf4 Nbd7 11. h3 Ne4 12. Nxe4 Bxe4 13. 0-0 0-0 14. Qd2 Bf6 15. Rfd1 Re8 16. Ne5 Nxe5 17. dxe5 Qxd2 18. Rxd2 Be7 19. Rd4 Bg6 20. Rd7 Rab8 21. Be3 c5 22. Bf3 Bc2 23. Rc7 Bd8 24. Rxb7 Rxb7 25. Bxb7 Bc7 26. Rc1 Ba4 27. Bxc5 Rb8 28. Bf3 Rxb2 29. Bd6 Ba5 30. c5 Bd2 31. Ra1 f6 32. c6 Bf4 33. c7 Bd7 34. Rd1 Rc2 35. g3 Bc1 36. Be4 Rc5 37. Bxc5 Bc8 38. Rd8+ Kf7 39. Rxc8 1-0

[Event "AZE-ch"]
[Site "Baku"]
[Date "2003.??.??"]
[Round "?"]
[White "Pavlenko, Oleg"]
[Black "Guliev, Logman"]
[Result "0-1"]
[WhiteElo "2273"]
[BlackElo "2396"]
[PlyCount "106"]
[EventDate "2003.??.??"]
[EventType "tourn"]
[EventRounds "15"]
[EventCountry "AZE"]
[SourceTitle "EXT 2005"]
[Source "ChessBase"]
[SourceDate "2004.11.15"]
[SourceVersion "1"]
[SourceVersionDate "2004.11.15"]
[SourceQuality "1"]

1. d4 Nf6 2. c4 g6 3. Nc3 Bg7 4. e4 d6 5. h3 0-0 6. Bg5 c5 7. d5 a6 8. a4 e6 9. dxe6 Bxe6 10. Nf3 Nc6 11. Be2 Qb6 12. Qd2 Na5 13. Rd1 Qb4 14. 0-0 Bxc4 15. Bxc4 Nxc4 16. Qe2 b5 17. e5 Nd7 18. axb5 axb5 19. e6 Qxb2 20. exd7 Qxc3 21. d8Q Raxd8 22. Bxd8 Rxd8 23. Rb1 Na3 24. Rbd1 Bf6 25. Rd3 Qc2 26. Rd2 Qc4 27. Rd3 b4 28. Qd2 Nb5 29. Rc1 Nc3 30. Re1 Ne4 31. Qe3 d5 32. Red1 Nc3 33. R1d2 b3 34. Kh2 b2 35. Rxb2 Nd1 36. Rxd1 Bxb2 37. Qg5 f6 38. Qg3 Qe4 39. Kg1 Be5 40. Nxe5 Qxe5 41. Qb3 c4 42. Qb5 c3 43. Qa5 Re8 44. Qc5 d4 45. Qc4+ Kh8 46. g3 Rd8 47. h4 Qd5 48. Qd3 Qf5 49. Qc4 c2 50. Rc1 d3 51. Qc7 Qd7 52. Qc3 d2 53. Qxf6+ Kg8 0-1

[Event "Baku EU qual"]
[Site "Baku"]
[Date "2001.??.??"]
[Round "7"]
[White "Babaev, Rashad"]
[Black "Pavlenko, Oleg"]
[Result "1/2-1/2"]
[WhiteElo "2334"]
[BlackElo "2302"]
[PlyCount "83"]
[EventDate "2001.??.??"]
[EventType "tourn"]
[EventRounds "10"]
[EventCountry "AZE"]
[EventCategory "6"]
[SourceTitle "EXT 2002"]
[Source "ChessBase"]
[SourceDate "2001.11.25"]
[SourceVersion "1"]
[SourceVersionDate "2001.11.25"]
[SourceQuality "1"]

1. e4 e5 2. Nf3 Nc6 3. Bb5 a6 4. Ba4 Nf6 5. 0-0 Nxe4 6. d4 b5 7. Bb3 d5 8. dxe5 Be6 9. Nbd2 Bc5 10. Qe2 Nxd2 11. Bxd2 Nd4 12. Nxd4 Bxd4 13. c3 Bc5 14. Rae1 0-0 15. Be3 Bxe3 16. Qxe3 f6 17. exf6 Rxf6 18. Qc5 Bf7 19. Re7 c6 20. Rfe1 Qd6 21. Qxd6 Rxd6 22. Rc7 Re8 23. Kf1 Kf8 24. f3 Be6 25. Kf2 Re7 26. Rxe7 Kxe7 27. Bc2 Kf6 28. b4 c5 29. bxc5 Rc6 30. Ke3 Rxc5 31. Kd2 h6 32. Bb3 a5 33. a3 Bf7 34. Ba2 Rc7 35. Rb1 Rc5 36. Rb2 Ke5 37. Rb1 g5 38. Re1+ Kf6 39. Rb1 Ke5 40. Re1+ Kf6 41. Re2 Bg6 42. Bb3 1/2-1/2

[Event "Baku EU qual"]
[Site "Baku"]
[Date "2001.??.??"]
[Round "10"]
[White "Pavlenko, Oleg"]
[Black "Abbasov, Farid"]
[Result "0-1"]
[WhiteElo "2302"]
[BlackElo "2439"]
[PlyCount "76"]
[EventDate "2001.??.??"]
[EventType "tourn"]
[EventRounds "10"]
[EventCountry "AZE"]
[EventCategory "6"]
[SourceTitle "EXT 2002"]
[Source "ChessBase"]
[SourceDate "2001.11.25"]
[SourceVersion "1"]
[SourceVersionDate "2001.11.25"]
[SourceQuality "1"]

1. d4 Nf6 2. g3 d5 3. Bg2 c6 4. Nf3 Bf5 5. Nbd2 h6 6. c4 e6 7. 0-0 Nbd7 8. Qb3 Qb6 9. cxd5 exd5 10. Qe3+ Be7 11. Ne5 Nxe5 12. dxe5 Nd7 13. Qxb6 axb6 14. f4 Nc5 15. b3 f6 16. Bb2 0-0 17. h3 fxe5 18. Bxe5 Nd7 19. Bd4 Bb4 20. Nf3 b5 21. Nh4 Bh7 22. f5 Be7 23. e4 dxe4 24. Bxe4 Rfe8 25. Rfe1 Bxh4 26. gxh4 Nf6 27. Bxf6 gxf6 28. Rad1 Rad8 29. Rxd8 Rxd8 30. Kf2 Kf8 31. Ke3 Bg8 32. Rg1 Bf7 33. Rc1 Ra8 34. Rc2 Ke7 35. Rd2 Rd8 36. Bd3 Rg8 37. Kf2 Rd8 38. Ke3 Bd5 0-1

[Event "Baku EU qual"]
[Site "Baku"]
[Date "2001.??.??"]
[Round "1"]
[White "Zulfugarli, Magomed"]
[Black "Pavlenko, Oleg"]
[Result "1-0"]
[WhiteElo "2496"]
[BlackElo "2302"]
[PlyCount "105"]
[EventDate "2001.??.??"]
[EventType "tourn"]
[EventRounds "10"]
[EventCountry "AZE"]
[EventCategory "6"]
[SourceTitle "EXT 2002"]
[Source "ChessBase"]
[SourceDate "2001.11.25"]
[SourceVersion "1"]
[SourceVersionDate "2001.11.25"]
[SourceQuality "1"]

1. e4 c6 2. d4 d5 3. e5 c5 4. dxc5 e6 5. Nf3 Bxc5 6. Bd3 Nc6 7. 0-0 f6 8. Bf4 fxe5 9. Bxe5 Nf6 10. Nbd2 0-0 11. Qe2 Ng4 12. Bg3 Nh6 13. c3 Nf5 14. Bxf5 Rxf5 15. Nb3 Bb6 16. Nbd4 Nxd4 17. cxd4 Bd7 18. Rac1 a6 19. Qe3 h6 20. Rc2 Rc8 21. Rxc8 Qxc8 22. Rc1 Qd8 23. h3 Rf8 24. Bd6 Re8 25. Be5 Bc6 26. Qb3 Ba7 27. g4 Rf8 28. Kg2 Qe7 29. Kg3 Rf7 30. Ne1 Qf8 31. f4 Bb5 32. Ng2 Bb8 33. Qe3 Bd6 34. Nh4 Kh7 35. Nf3 Be7 36. a3 g5 37. fxg5 Bxg5 38. Nxg5+ hxg5 39. a4 Bf1 40. Rc3 Qh6 41. Kh2 Qg6 42. h4 Qe4 43. Qxe4+ dxe4 44. h5 Be2 45. Rc8 Kh6 46. Kg3 Rf3+ 47. Kg2 Rf7 48. Kh3 Rf3+ 49. Bg3 Rf7 50. Rh8+ Rh7 51. Re8 Bc4 52. Bd6 Kg7 53. Kg3 1-0

[Event "AZE-chT"]
[Site "Baku"]
[Date "2000.??.??"]
[Round "?"]
[White "Pavlenko, Oleg"]
[Black "Aleskerov, Faik"]
[Result "1/2-1/2"]
[WhiteElo "2301"]
[BlackElo "2080"]
[PlyCount "26"]
[EventDate "2000.??.??"]
[EventType "team"]
[EventRounds "9"]
[EventCountry "AZE"]
[SourceTitle "EXT 2002"]
[Source "ChessBase"]
[SourceDate "2001.11.25"]
[SourceVersion "1"]
[SourceVersionDate "2001.11.25"]
[SourceQuality "1"]

1. c4 e6 2. Nf3 Nf6 3. g3 d5 4. Bg2 c6 5. b3 Nbd7 6. Bb2 Bd6 7. 0-0 0-0 8. d3 e5 9. cxd5 cxd5 10. Nc3 a6 11. e4 d4 12. Ne2 a5 13. a4 Nc5 1/2-1/2

[Event "Dubai op"]
[Site "Dubai"]
[Date "1999.05.08"]
[Round "8"]
[White "Pavlenko, Oleg"]
[Black "El Gindy, Essam"]
[Result "0-1"]
[WhiteElo "2277"]
[BlackElo "2458"]
[PlyCount "80"]
[EventDate "1999.05.??"]
[EventType "swiss"]
[EventRounds "9"]
[EventCountry "UAE"]
[SourceTitle "CBM 070 Extra"]
[Source "ChessBase"]
[SourceDate "1999.07.10"]
[SourceVersion "1"]
[SourceVersionDate "1999.07.10"]
[SourceQuality "1"]

1. Nf3 c5 2. c4 Nc6 3. g3 g6 4. Nc3 Bg7 5. b3 e6 6. Bb2 Nge7 7. Bg2 0-0 8. 0-0 d6 9. e4 Rb8 10. d3 a6 11. a4 e5 12. Nd5 Nxd5 13. exd5 Ne7 14. Nd2 Nf5 15. a5 b5 16. axb6 Nd4 17. Bc3 Qxb6 18. Ba5 Qa7 19. Rb1 h5 20. Ne4 Qe7 21. b4 Bg4 22. f3 Bf5 23. bxc5 dxc5 24. Kh1 Bxe4 25. dxe4 h4 26. Qd3 hxg3 27. hxg3 Qg5 28. Kh2 Qh5+ 29. Kg1 f5 30. d6 Bf6 31. exf5 gxf5 32. g4 Qh6 33. Bd2 Bg5 34. Bxg5 Qxg5 35. gxf5 Rbd8 36. Qe4 Rxd6 37. Qxe5 Rdd8 38. Qe4 Rxf5 39. Qg4 Ne2+ 40. Kh2 Nf4 0-1

[Event "Dubai op"]
[Site "Dubai"]
[Date "1999.05.07"]
[Round "7"]
[White "Mirzoev, Azer"]
[Black "Pavlenko, Oleg"]
[Result "1/2-1/2"]
[WhiteElo "2443"]
[BlackElo "2277"]
[PlyCount "29"]
[EventDate "1999.05.??"]
[EventType "swiss"]
[EventRounds "9"]
[EventCountry "UAE"]
[SourceTitle "CBM 070 Extra"]
[Source "ChessBase"]
[SourceDate "1999.07.10"]
[SourceVersion "1"]
[SourceVersionDate "1999.07.10"]
[SourceQuality "1"]

1. e4 e6 2. d4 d5 3. e5 c5 4. c3 cxd4 5. cxd4 Nc6 6. Nf3 Bb4+ 7. Nc3 f6 8. a3 Bxc3+ 9. bxc3 fxe5 10. dxe5 Nge7 11. Bd3 Nf5 12. 0-0 0-0 13. c4 dxc4 14. Bxc4 Qc7 15. Bb2 1/2-1/2

[Event "Dubai op"]
[Site "Dubai"]
[Date "1999.05.06"]
[Round "6"]
[White "Pavlenko, Oleg"]
[Black "Bouaziz, Slim"]
[Result "1/2-1/2"]
[WhiteElo "2277"]
[BlackElo "2387"]
[PlyCount "28"]
[EventDate "1999.05.??"]
[EventType "swiss"]
[EventRounds "9"]
[EventCountry "UAE"]
[SourceTitle "CBM 070 Extra"]
[Source "ChessBase"]
[SourceDate "1999.07.10"]
[SourceVersion "1"]
[SourceVersionDate "1999.07.10"]
[SourceQuality "1"]

1. c4 Nf6 2. Nc3 c5 3. g3 g6 4. Bg2 Bg7 5. e4 Nc6 6. Nge2 d6 7. d3 0-0 8. 0-0 e5 9. f4 exf4 10. Bxf4 Nh5 11. Qd2 Nxf4 12. Nxf4 Ne5 13. Rae1 Be6 14. Ncd5 Bxd5 1/2-1/2

[Event "Dubai op"]
[Site "Dubai"]
[Date "1999.05.02"]
[Round "2"]
[White "Pavlenko, Oleg"]
[Black "Magerramov, Elmar S"]
[Result "0-1"]
[WhiteElo "2277"]
[BlackElo "2563"]
[PlyCount "109"]
[EventDate "1999.05.??"]
[EventType "swiss"]
[EventRounds "9"]
[EventCountry "UAE"]
[SourceTitle "CBM 070 Extra"]
[Source "ChessBase"]
[SourceDate "1999.07.10"]
[SourceVersion "1"]
[SourceVersionDate "1999.07.10"]
[SourceQuality "1"]

1. Nf3 Nf6 2. c4 c5 3. g3 e6 4. Bg2 Nc6 5. b3 d5 6. 0-0 Be7 7. cxd5 exd5 8. d4 Ne4 9. Bb2 Bf6 10. e3 Bg4 11. h3 Bxf3 12. Bxf3 cxd4 13. exd4 0-0 14. Re1 Re8 15. Nd2 Ng5 16. Rxe8+ Qxe8 17. h4 Nxf3+ 18. Nxf3 Qe4 19. Kg2 Re8 20. Qd2 Qf5 21. Re1 Re4 22. Re3 h5 23. Qe1 Rxe3 24. Qxe3 Be7 25. b4 a6 26. a3 f6 27. Ne1 Kf7 28. Nd3 Bd6 29. Bc3 b5 30. f3 Ne7 31. Be1 Qc8 32. Nc5 Bxc5 33. dxc5 Qf5 34. Bf2 Nc6 35. Qd2 Qe5 36. Qd3 d4 37. a4 Qd5 38. axb5 axb5 39. Kf1 Nxb4 40. Qxd4 Qxd4 41. Bxd4 Ke6 42. g4 g6 43. Ke2 Nc6 44. Kd3 f5 45. gxh5 gxh5 46. Ba1 Ne7 47. Bc3 Ng6 48. Be1 Kd5 49. c6 Kxc6 50. Kd4 Kd6 51. Bg3+ Ke6 52. Kc5 f4 53. Bf2 Ne5 54. Kxb5 Kf5 55. Kb6 0-1

[Event "AZE-Cup "]
[Site "Azerbaijan"]
[Date "1999.??.??"]
[Round "?"]
[White "Aliev, Chingiz"]
[Black "Pavlenko, Oleg"]
[Result "0-1"]
[WhiteElo "2210"]
[BlackElo "2295"]
[PlyCount "53"]
[EventDate "1999.??.??"]
[EventType "k.o."]
[EventRounds "5"]
[EventCountry "AZE"]
[SourceTitle "EXT 2001"]
[Source "ChessBase"]
[SourceDate "2000.11.22"]
[SourceVersion "1"]
[SourceVersionDate "2000.11.22"]
[SourceQuality "1"]

1. d4 g6 2. e4 c5 3. dxc5 Qa5+ 4. c3 Qxc5 5. Nf3 Bg7 6. Be3 Qc7 7. Nbd2 Nc6 8. Be2 Nf6 9. h3 d5 10. Bd3 0-0 11. 0-0 Rd8 12. Qe2 h6 13. Rfd1 e5 14. exd5 Nxd5 15. Bc4 Be6 16. Bb3 Kh7 17. Nf1 Na5 18. Bc2 Nxe3 19. Rxd8 Rxd8 20. Nxe3 Nc4 21. Nxc4 Bxc4 22. Qe3 b6 23. Bb3 Ba6 24. Rd1 Rxd1+ 25. Bxd1 f5 26. Bb3 Bb7 27. Ne1 0-1

[Event "AZE-ch"]
[Site "Baku"]
[Date "1999.??.??"]
[Round "8"]
[White "Hajiyev, Shahin Qabil"]
[Black "Pavlenko, Oleg"]
[Result "0-1"]
[WhiteElo "2250"]
[BlackElo "2295"]
[PlyCount "55"]
[EventDate "1999.11.??"]
[EventType "swiss"]
[EventRounds "9"]
[EventCountry "AZE"]
[SourceTitle "CBM 073 Extra"]
[Source "ChessBase"]
[SourceDate "2000.01.11"]
[SourceVersion "1"]
[SourceVersionDate "2000.01.11"]
[SourceQuality "1"]

1. d4 c5 2. d5 e5 3. e4 d6 4. Nc3 g6 5. f4 exf4 6. Bxf4 a6 7. Nf3 Bh6 8. Qd2 Bxf4 9. Qxf4 Qf6 10. Qg3 Nd7 11. 0-0-0 Ne7 12. e5 dxe5 13. Ne4 Qf4+ 14. Qxf4 exf4 15. Nd6+ Kf8 16. Ng5 Ne5 17. Re1 f6 18. Nge4 Kg7 19. Nxc5 Nxd5 20. Nd3 Rd8 21. Nxe5 fxe5 22. Nc4 Bf5 23. Rxe5 Rac8 24. c3 Rc7 25. Re1 b5 26. Nd2 Nxc3 27. bxc3 Rxc3+ 28. Kd1 0-1

[Event "Baku Cup"]
[Site "Baku"]
[Date "1999.??.??"]
[Round "9"]
[White "Pavlenko, Oleg"]
[Black "Davidov, Samir"]
[Result "1-0"]
[WhiteElo "2295"]
[BlackElo "2203"]
[PlyCount "85"]
[EventDate "1999.11.??"]
[EventType "swiss"]
[EventRounds "9"]
[EventCountry "AZE"]
[SourceTitle "CBM 073 Extra"]
[Source "ChessBase"]
[SourceDate "2000.01.11"]
[SourceVersion "1"]
[SourceVersionDate "2000.01.11"]
[SourceQuality "1"]

1. Nf3 d5 2. c4 e6 3. b3 c5 4. e3 Nc6 5. Bb2 d4 6. exd4 cxd4 7. d3 Nf6 8. Be2 e5 9. a3 a5 10. 0-0 Be7 11. Nbd2 0-0 12. Re1 Bf5 13. Nh4 Be6 14. Nhf3 Nd7 15. Bf1 Bg4 16. Qc2 f5 17. g3 Qc7 18. Bg2 Rae8 19. c5 Kh8 20. Qc4 Bxc5 21. Ng5 Nd8 22. b4 axb4 23. axb4 Bd6 24. Qxc7 Bxc7 25. Nc4 h6 26. Nf3 Bh5 27. b5 Rf6 28. Ra8 Kh7 29. Rc8 Bb8 30. Nxd4 exd4 31. Rxe8 Bxe8 32. Rxd8 Re6 33. Bxb7 Ba7 34. Bc6 Nf6 35. Bxe8 Nxe8 36. Bxd4 Bxd4 37. Rxd4 Re7 38. b6 Rb7 39. Rd5 Kg6 40. Ra5 Kf6 41. Ra8 Nd6 42. Nxd6 Rxb6 43. Nc4 1-0

[Event "AZE-Cup "]
[Site "Azerbaijan"]
[Date "1999.??.??"]
[Round "?"]
[White "Pavlenko, Oleg"]
[Black "Dovliatov, Sanan"]
[Result "0-1"]
[WhiteElo "2295"]
[BlackElo "2339"]
[PlyCount "64"]
[EventDate "1999.??.??"]
[EventType "k.o."]
[EventRounds "5"]
[EventCountry "AZE"]
[SourceTitle "EXT 2001"]
[Source "ChessBase"]
[SourceDate "2000.11.22"]
[SourceVersion "1"]
[SourceVersionDate "2000.11.22"]
[SourceQuality "1"]

1. c4 g6 2. e4 Bg7 3. g3 c5 4. Bg2 Nc6 5. Nc3 e5 6. Nge2 Nge7 7. 0-0 0-0 8. d3 d6 9. Bg5 h6 10. Be3 f5 11. Qd2 Kh7 12. f4 Nd4 13. h3 Rb8 14. Kh2 Be6 15. Bxd4 cxd4 16. Nd5 Bxd5 17. cxd5 Rc8 18. Rac1 Qb6 19. b3 Rxc1 20. Rxc1 Rc8 21. Rc4 Qd8 22. Qb4 Qd7 23. a4 b6 24. fxe5 dxe5 25. h4 fxe4 26. Bh3 Rxc4 27. bxc4 Nf5 28. dxe4 Qd6 29. Qe1 Ne3 30. Be6 h5 31. Ng1 Qf8 32. Nh3 Bh6 0-1

[Event "AZE-ch"]
[Site "Azerbaijan"]
[Date "1999.??.??"]
[Round "1"]
[White "Pavlenko, Oleg"]
[Black "Guliev, Logman"]
[Result "1-0"]
[WhiteElo "2295"]
[BlackElo "2425"]
[PlyCount "80"]
[EventDate "1999.??.??"]
[EventType "tourn"]
[EventRounds "10"]
[EventCountry "AZE"]
[EventCategory "6"]
[SourceTitle "EXT 2001"]
[Source "ChessBase"]
[SourceDate "2000.11.22"]
[SourceVersion "1"]
[SourceVersionDate "2000.11.22"]
[SourceQuality "1"]

1. Nf3 Nf6 2. d4 g6 3. g3 Bg7 4. Bg2 0-0 5. 0-0 d6 6. c4 Nbd7 7. Nc3 e5 8. b3 exd4 9. Nxd4 Re8 10. Bb2 Nc5 11. Qc2 Qe7 12. Rad1 c6 13. h3 Nfe4 14. Nxe4 Nxe4 15. Nf3 Bf5 16. Bxg7 Kxg7 17. Nd4 Bd7 18. e3 a5 19. Ne2 h5 20. Nc3 Nc5 21. Qd2 Be6 22. Qxd6 Qxd6 23. Rxd6 a4 24. b4 Na6 25. b5 Nb4 26. Rb1 Nc2 27. bxc6 bxc6 28. Bxc6 Rad8 29. Bxe8 Rxd6 30. Bxa4 Na3 31. Rd1 Rxd1+ 32. Bxd1 Bxc4 33. Bb3 Bd3 34. f4 f6 35. Kf2 g5 36. h4 gxh4 37. gxh4 f5 38. Ke1 Ba6 39. Kd2 Nc4+ 40. Bxc4 Bxc4 1-0

[Event "AZE-ch"]
[Site "Baku"]
[Date "1999.??.??"]
[Round "7"]
[White "Pavlenko, Oleg"]
[Black "Mamedyarov, Shakhriyar"]
[Result "1/2-1/2"]
[WhiteElo "2295"]
[BlackElo "2201"]
[PlyCount "28"]
[EventDate "1999.11.??"]
[EventType "swiss"]
[EventRounds "9"]
[EventCountry "AZE"]
[SourceTitle "CBM 073 Extra"]
[Source "ChessBase"]
[SourceDate "2000.01.11"]
[SourceVersion "1"]
[SourceVersionDate "2000.01.11"]
[SourceQuality "1"]

1. Nf3 Nf6 2. d4 g6 3. g3 Bg7 4. c4 0-0 5. Bg2 d6 6. 0-0 Nc6 7. d5 Na5 8. Nbd2 c5 9. e4 a6 10. Rb1 b5 11. b3 Rb8 12. Qc2 Bg4 13. h3 Bxf3 14. Bxf3 Qd7 1/2-1/2

[Event "AZE-ch"]
[Site "Azerbaijan"]
[Date "1999.??.??"]
[Round "8"]
[White "Pavlenko, Oleg"]
[Black "Zulfugarli, Magomed"]
[Result "1-0"]
[WhiteElo "2295"]
[BlackElo "2388"]
[PlyCount "53"]
[EventDate "1999.??.??"]
[EventType "tourn"]
[EventRounds "10"]
[EventCountry "AZE"]
[EventCategory "6"]
[SourceTitle "EXT 2001"]
[Source "ChessBase"]
[SourceDate "2000.11.22"]
[SourceVersion "1"]
[SourceVersionDate "2000.11.22"]
[SourceQuality "1"]

1. e4 c5 2. Nc3 e5 3. g3 Nc6 4. Bg2 d6 5. Nge2 h5 6. h3 Be6 7. d3 Qd7 8. Nd5 0-0-0 9. c4 Kb8 10. a3 g6 11. b4 Bh6 12. Rb1 Nd4 13. bxc5 dxc5 14. Nxd4 cxd4 15. h4 f6 16. f4 Bxd5 17. exd5 Qd6 18. 0-0 Rh7 19. Qf3 exf4 20. gxf4 Qc7 21. Bd2 Bf8 22. Rb5 Rdd7 23. Rfb1 Nh6 24. c5 Qc8 25. c6 Rdf7 26. Bb4 Bxb4 27. R5xb4 1-0

[Event "AZE-ch"]
[Site "Baku"]
[Date "1999.??.??"]
[Round "2"]
[White "Shukurova, Meihriban"]
[Black "Pavlenko, Oleg"]
[Result "1/2-1/2"]
[WhiteElo "2204"]
[BlackElo "2295"]
[PlyCount "45"]
[EventDate "1999.11.??"]
[EventType "swiss"]
[EventRounds "9"]
[EventCountry "AZE"]
[SourceTitle "CBM 073 Extra"]
[Source "ChessBase"]
[SourceDate "2000.01.11"]
[SourceVersion "1"]
[SourceVersionDate "2000.01.11"]
[SourceQuality "1"]

1. e4 d5 2. exd5 Nf6 3. d4 Nxd5 4. Nc3 g6 5. Nf3 Bg7 6. Ne4 0-0 7. Be2 b6 8. 0-0 Nd7 9. c4 N5f6 10. Nc3 Bb7 11. Bf4 Nh5 12. Be3 e6 13. Ng5 Nhf6 14. Bf3 Qc8 15. Qe2 Bxf3 16. Nxf3 c5 17. Rad1 Rd8 18. d5 exd5 19. Nxd5 Nxd5 20. Rxd5 Re8 21. Qc2 Nf6 22. Rd6 Ne4 23. Rd5 1/2-1/2

[Event "Hastings Challengers"]
[Site "Hastings"]
[Date "1998.12.30"]
[Round "2"]
[White "Pavlenko, Oleg"]
[Black "Bischoff, Klaus"]
[Result "0-1"]
[WhiteElo "2300"]
[BlackElo "2550"]
[PlyCount "116"]
[EventDate "1998.12.??"]
[EventType "swiss"]
[EventRounds "10"]
[EventCountry "ENG"]
[SourceTitle "EXT 2000"]
[Source "ChessBase"]
[SourceDate "1999.11.16"]
[SourceVersion "1"]
[SourceVersionDate "1999.11.16"]
[SourceQuality "1"]

1. d4 Nf6 2. e3 g6 3. Nf3 Bg7 4. Be2 0-0 5. b3 d6 6. Bb2 Nbd7 7. 0-0 Re8 8. c4 e6 9. Nc3 b6 10. Qc2 Bb7 11. Rad1 a6 12. e4 Qe7 13. Rfe1 Red8 14. h3 Ne8 15. Bf1 c5 16. Na4 Rab8 17. dxc5 bxc5 18. Bxg7 Nxg7 19. Qd2 Ne8 20. Qe3 f6 21. Nh2 Ng7 22. f4 e5 23. Nc3 exf4 24. Qxf4 Ne5 25. Ng4 Nxg4 26. Qxg4 Qe5 27. Nd5 Rf8 28. Qf4 Bxd5 29. Qxe5 fxe5 30. cxd5 a5 31. Be2 Ne8 32. Bf3 Nf6 33. Re3 Rb4 34. Kh2 Rfb8 35. h4 Kg7 36. Kg3 Rd4 37. Ree1 Rdb4 38. Re3 h6 39. Kf2 g5 40. hxg5 hxg5 41. g3 Kg6 42. Rd2 a4 43. Rdd3 g4 44. Bg2 Rd4 45. Ke1 Kg5 46. Rd2 axb3 47. axb3 Rdb4 48. Rdd3 Ra8 49. Rd2 Ra3 50. Rdd3 Ra2 51. Rd2 Rxd2 52. Kxd2 c4 53. Kc2 Rxb3 54. Rxb3 cxb3+ 55. Kxb3 Nh5 56. Kc4 Nxg3 57. Kb5 Kf6 58. Kc6 Ke7 0-1

[Event "AZE-ch qual"]
[Site "Baku"]
[Date "1998.??.??"]
[Round "?"]
[White "Guliev, Logman"]
[Black "Pavlenko, Oleg"]
[Result "1/2-1/2"]
[WhiteElo "2420"]
[BlackElo "2335"]
[PlyCount "91"]
[EventDate "1998.??.??"]
[EventType "swiss"]
[EventRounds "9"]
[EventCountry "AZE"]
[SourceTitle "EXT 2000"]
[Source "ChessBase"]
[SourceDate "1999.11.16"]
[SourceVersion "1"]
[SourceVersionDate "1999.11.16"]
[SourceQuality "1"]

1. e4 c5 2. Nf3 Nc6 3. d4 cxd4 4. Nxd4 e5 5. Nb5 a6 6. Nd6+ Bxd6 7. Qxd6 Qf6 8. Qd1 Qg6 9. Nc3 Nge7 10. h4 h5 11. Bg5 d5 12. Bxe7 d4 13. Bc5 dxc3 14. bxc3 Qxe4+ 15. Qe2 Bf5 16. Qxe4 Bxe4 17. 0-0-0 Rc8 18. Rh3 Bf5 19. Re3 f6 20. Rg3 g6 21. Rd6 Ne7 22. Bb4 Kf7 23. Rb6 Rc7 24. Bd6 Rc6 25. Rxc6 Nxc6 26. Bc5 Be6 27. Bb6 Rc8 28. c4 Ne7 29. Rc3 Rc6 30. Ba5 b6 31. Bb4 a5 32. Ba3 Nf5 33. c5 Nd4 34. cxb6 Rxc3 35. b7 Rxc2+ 36. Kd1 Rc8 37. bxc8Q Bxc8 38. Bc5 Be6 39. a3 Bd5 40. Bb6 a4 41. Kd2 Ke6 42. g3 g5 43. Be2 Nxe2 44. Kxe2 Kf5 45. Bd8 gxh4 46. gxh4 1/2-1/2

[Event "AZE-ch qual"]
[Site "Baku"]
[Date "1998.??.??"]
[Round "?"]
[White "Pavlenko, Oleg"]
[Black "Gashimov, Vugar"]
[Result "1-0"]
[WhiteElo "2335"]
[BlackElo "2230"]
[PlyCount "155"]
[EventDate "1998.??.??"]
[EventType "swiss"]
[EventRounds "9"]
[EventCountry "AZE"]
[SourceTitle "EXT 2000"]
[Source "ChessBase"]
[SourceDate "1999.11.16"]
[SourceVersion "1"]
[SourceVersionDate "1999.11.16"]
[SourceQuality "1"]

1. c4 e5 2. Nc3 Nc6 3. g3 g6 4. Bg2 Bg7 5. e4 Nge7 6. Nge2 0-0 7. 0-0 d6 8. d3 Be6 9. Nd5 h6 10. Be3 Nd4 11. Qd2 Kh7 12. f4 Nxe2+ 13. Qxe2 f5 14. Rae1 fxe4 15. dxe4 exf4 16. gxf4 Kg8 17. b3 Nc6 18. Qd2 Bg4 19. h3 Bh5 20. f5 g5 21. h4 g4 22. Bxh6 Bd4+ 23. Be3 Bxe3+ 24. Rxe3 Ne5 25. f6 Kf7 26. Nf4 Rh8 27. Qd5+ Ke8 28. Qe6+ Kf8 29. Nd5 c6 30. Qe7+ Qxe7 31. fxe7+ Kg7 32. Nc7 Rac8 33. Ne6+ Kg6 34. c5 Nf3+ 35. Bxf3 gxf3 36. Nf4+ Kf7 37. Nxh5 Rcg8+ 38. Kf2 Rxh5 39. cxd6 Ke6 40. Rxf3 Kxd6 41. Rf8 Rhh8 42. Ke3 Kxe7 43. R1f7+ Kd6 44. Rxg8 Rxg8 45. Rxb7 Rh8 46. Rxa7 Rxh4 47. b4 Rh1 48. Ra5 Re1+ 49. Kd3 Rd1+ 50. Kc2 Rd4 51. e5+ Kd7 52. Kc3 Re4 53. a3 Rh4 54. Rc5 Rh3+ 55. Kb2 Re3 56. a4 Re2+ 57. Kc3 Re3+ 58. Kd4 Rh3 59. a5 Rh4+ 60. Kc3 Rh3+ 61. Kc4 Rh4+ 62. Kb3 Rh3+ 63. Rc3 Rh1 64. Rd3+ Kc7 65. Re3 Kd7 66. Kc4 Rc1+ 67. Rc3 Re1 68. Kd4 Rd1+ 69. Rd3 Re1 70. Rd2 Rb1 71. Kc4+ Kc7 72. Rh2 Rc1+ 73. Kb3 Rb1+ 74. Kc3 Kd7 75. Ra2 Kc7 76. a6 Kb8 77. Re2 Rc1+ 78. Kd4 1-0